Central Library OPAC University of Rajshahi

In quest of America : (Record no. 63738)

MARC details
000 -LEADER
fixed length control field 00877nam a2200253 a 4500
001 - CONTROL NUMBER
control field 63738
003 - CONTROL NUMBER IDENTIFIER
rucl marc code BD-RjUL
005 - DATE AND TIME OF LATEST TRANSACTION
control field 20211209081228.0
008 - FIXED-LENGTH DATA ELEMENTS--GENERAL INFORMATION
fixed length control field 170125r19711958nyu b 001 0 eng d
035 ## - SYSTEM CONTROL NUMBER
System control number (BD-RjUL)63868
040 ## - CATALOGING SOURCE
Original cataloging agency DLC
Transcribing agency DLC
Modifying agency DLC
-- BD-RjUL
Language of cataloging eng
041 ## - LANGUAGE CODE
Language code of text/sound track or separate title eng
082 00 - DEWEY DECIMAL CLASSIFICATION NUMBER
Edition number 23
Classification number 813.43
Author mark and year FRI 1971
100 1# - MAIN ENTRY--PERSONAL NAME
Personal name Fryckstedt, Olov W.,
Dates associated with a name 1920-
9 (RLIN) 189219
245 10 - TITLE STATEMENT
Title In quest of America :
Remainder of title a study of Howells' early development as a novelist /
Statement of responsibility, etc. Olov W. Fryckstedt.
260 ## - PUBLICATION, DISTRIBUTION, ETC. (IMPRINT)
Place of publication, distribution, etc. New York,
Name of publisher, distributor, etc. Russell & Russell
Date of publication, distribution, etc. 1958[Reissued1971]
300 ## - PHYSICAL DESCRIPTION
Pagination 287 p.
Size 25 cm.
504 ## - BIBLIOGRAPHY, ETC. NOTE
Bibliography, etc Includes index and bibliography.
600 ## - SUBJECT ADDED ENTRY--PERSONAL NAME
Personal name Howells, William Dean
Geographic subdivision America.
General subdivision Knowledge
Chronological subdivision 1837-1920
650 ## - SUBJECT ADDED ENTRY--TOPICAL TERM
Topical term or geographic name as entry element National characteristics, American, in literature.
9 (RLIN) 189221
651 ## - SUBJECT ADDED ENTRY--GEOGRAPHIC NAME
Geographic name America
General subdivision In literature.
9 (RLIN) 189222
942 ## - ADDED ENTRY ELEMENTS (KOHA)
Source of classification or shelving scheme Dewey Decimal Classification
Koha item type Books
Holdings
Lost status Source of classification or shelving scheme Damaged status Not for loan Collection code Permanent Location Current Location Shelving location Date acquired Source of acquisition Cost, normal purchase price Total Checkouts Full call number Date last seen Copy number Koha item type
  Dewey Decimal Classification   Not For Loan Non-fiction Central Library, University of Rajshahi Central Library, University of Rajshahi Reading Room 13/06/1964 Asia foundation, San Fransico, California, USA. 0.00   813.43 FRI 1971 02/02/2017 C-1 Books